PFRS Compilation : (Record no. 39789)
[ view plain ]
| 000 -LEADER | |
|---|---|
| fixed length control field | 00467nam a22001577a 4500 |
| 005 - DATE AND TIME OF LATEST TRANSACTION | |
| control field | 20140311163043.0 |
| 008 - FIXED-LENGTH DATA ELEMENTS--GENERAL INFORMATION | |
| fixed length control field | 131126b xxu||||| |||| 00| 0 eng d |
| 050 ## - LIBRARY OF CONGRESS CALL NUMBER | |
| Classification number | HF 5616.P6 |
| Item number | .P19 2007 |
| 245 ## - TITLE STATEMENT | |
| Title | PFRS Compilation : |
| Remainder of title | with revision, conforming amendments & interpretations as at December 31 2007 / |
| 260 ## - PUBLICATION, DISTRIBUTION, ETC. (IMPRINT) | |
| Place of publication, distribution, etc | [S.l.] |
| Name of publisher, distributor, etc | [S.n.] |
| Date of publication, distribution, etc | 2007. |
| 300 ## - PHYSICAL DESCRIPTION | |
| Extent | 1577 p. : |
| Other physical details | ill. ; |
| Dimensions | 23 cm. |
| 521 ## - TARGET AUDIENCE NOTE | |
| Target audience note | |
| 546 ## - LANGUAGE NOTE | |
| Language note | C12564 |
| 546 ## - LANGUAGE NOTE | |
| Language note | C12586 |
| 942 ## - ADDED ENTRY ELEMENTS (KOHA) | |
| Source of classification or shelving scheme | Library of Congress Classification |
| Koha item type | Books |
| Call number prefix | Local |
| Withdrawn status | Lost status | Source of classification or shelving scheme | Materials specified (bound volume or other part) | Damaged status | Home library | Current library | Shelving location | Date acquired | Total Checkouts | Total Renewals | Full call number | Barcode | Date last seen | Date checked out | Copy number | Price effective from | Koha item type |
|---|---|---|---|---|---|---|---|---|---|---|---|---|---|---|---|---|---|
| Library of Congress Classification | vol.1 | College Library | College Library | General Circulation Section | 11/26/2013 | 2 | 26 | HF 5616.P6 .P19 2007 vol.1 | C12586 | 05/15/2018 | 07/11/2016 | 2 | 11/26/2013 | Books |